000 00284nam a2200109 a 4500
005 20201002044917.0
008 140402s1971 000 spa d
100 _aWilde, Oscar
_964295
245 0 _aSus mejores cuentos.
260 _aMadrid -- Libra,
_c1971 -- 161 p.
999 _c43161
_d43161
040 _aDO-SdBNP